Obchodovanie s emisnými kvótami v Európskej únii bakalárska práca

Gespeichert in:
Bibliographische Detailangaben
1. Verfasser: Luptáková, Emma
Körperschaft: Obchodná fakulta EU. Katedra medzinárodného obchodu
Weitere Verfasser: Krivosudská, Simona, 1995-
Format: Buch
Sprache:Slowakisch
Veröffentlicht: Bratislava 2021
Tags: Tag hinzufügen
Keine Tags, Fügen Sie das erste Tag hinzu!

MARC

LEADER 00000nbm a2200000 4500
001 0275905
005 20220209124531.6
041 0 |a slo 
044 |a SK 
245 1 0 |a Obchodovanie s emisnými kvótami v Európskej únii  |b bakalárska práca  |c Emma Luptáková ; školiteľ: Simona Krivosudská 
264 1 |a Bratislava  |c 2021 
300 |a 57 s. 
100 1 |a Luptáková, Emma 
700 1 |a Krivosudská, Simona, 1995- 
710 2 |a Obchodná fakulta EU. Katedra medzinárodného obchodu